Quizzes
Events
Quiz Creation
Community
Videos
Private Events
Remove Ads
Sign In
Join for FREE
Feedback
Dark Mode
Quiz Categories
Sports
Geography
Music
Movies
Television
Just For Fun
Miscellaneous
History
Literature
Language
Science
Gaming
Entertainment
Religion
Holiday
For Kids
Quiz Lab
Recent
Popular Today
Quiz Kudos Today
Editor Picks
Curator Picks
Quizzes by...
Day
Popularity
Type
Ratings
Length
Year
Community
Subscriptions
Recent Discussions
Orange Saloon
Badges
Playlists
Quests
Create
Leaderboards
Showdown
Live 5
Trivia Bingo
Activity
Puzzle Library
Sporcle Events
Private Events
Virtual Trivia
Globe League
Become a Host
Pub Owners
SporcleCon
Opinionation
Our Games
Videos
Blog
Mobile Apps
Partnerships
Remove Ads and Go Orange
Feedback
Holiday
Halloween
Christmas
Holiday Songs
April Fools'
Thanksgiving
Valentine's Day
Easter
St Patrick's Day
National Holiday
Religious Holiday
Holiday
Halloween
Christmas
Holiday Songs
April Fools'
Thanksgiving
Valentine's Day
Easter
St Patrick's Day
National Holiday
Religious Holiday
Random Quiz
Search Sporcle
×
Quiz Lab
Quiz Lab
Holiday
Blitz
Type in answers that appear in a list
Type in answers that appear in a list
Classic
Best Score? Go Orange.
Month by UK Celebration Stats
Can you name the month by the UK Holiday/Celebration?
By
Toby123
60s
13 Questions
468 Plays
468 Plays
468 Plays
Comments
Comments
Give Quiz Kudos
Give Quiz Kudos
-
- Ratings
hide this ad
Forced Order
Answers have to be entered in order
Answers have to be entered in order
Replay
Link that replays current quiz
Next Quiz
Link to next quiz in quiz playlist
You Got
0%
They Got
Avg Score
77%
Avg Friend Score
Upgrade to see
Score Distribution
Jump to the score distribution portion of the page
Score
0/13
Timer
01:00
0
Plays Today
Holiday/Celebration
Month
% Correct
New Years Day?
January
100%
St. Patrick's Day?
March
95.9%
Christmas Day?
December
95.9%
Halloween?
October
89.1%
Remembrance Sunday?
November
88.9%
Spring Bank Holiday?
May
88%
Queen's Official Birthday?
June
81.2%
Guy Fawkes Night?
November
78%
St. Georges Day?
April
69.9%
Mothering Sunday?
March
66.2%
Father's Day?
June
64.3%
St. Andrew's Day?
November
35.7%
Valentine's Day?
February
32.7%
Quiz Playlist
Details
Report
Send in Message
Add To Playlist
Classic:
Type in answers that appear in a list
Forced Order:
Answers have to be entered in order
Last Updated: Feb 2, 2021
Quiz Scoreboard
CHALLENGE
Sign Up to Join the Scoreboard
Show All
Scores
Hide
Comments
May contain spoilers
Recently Published
Pick 6: Fruits
by JohnFran
Miscellaneous
15s
Click the 1999 NBA Draft
by nibperrychub
Sports
2m
Alphabetical 'K' Countries by Flag Minefield
by ylime102
Geography
3m
More to Explore
Quiz From the Vault
Featured Blog Post
15 Basketball Trivia Facts You Can Be March Mad About
hide this ad
You Might Also Like...
Tags
Blitz Quiz
Christmas Quiz
Easter Quiz
Halloween Quiz
Today's Top Quizzes in Holiday
Browse Holiday
hide this ad
Today's Top Quizzes in Blitz
Browse Blitz
Top Contributed Quizzes in Holiday
1
Pick 6: Halloween Costumes
2
Pick 6: Holidays
3
Pick 6: Christmas Villains
4
Pick 6: Christmas
5
Sunday Crossword: St. Patrick's Day
6
7-to-1: Easter
7
Seasons Vowels
8
April Fools' Match
9
Easter Socks
10
One Subcategory in 15 Categories - Easter
Explore More
Trending Topics
Anime
Crossword
Kpop
Marvel
Disney
NBA
Harry Potter
Country
Soccer
Pokémon
Song
The Office
Puzzle
NFL
WWE
hide this ad
More By:
Toby123
Quiz
Plays
Rating
Category
Featured
Created
Plagues of Egypt (Redux)
219,880
4.28
Religion
Apr 2, 2012
Grated 'Cheese'
171,150
3.91
Just For Fun
Oct 29, 2012
'V', 'Y', and 'Z' Countries
144,258
4.53
Geography
Nov 29, 2012
Premier League Stadium Match
107,290
4.48
Sports
Apr 14, 2012
60 Second Blitz: English Premier League Teams
104,141
3.72
Sports
Sep 9, 2012
Go to Creator's Profile
Score Distribution
Quiz Creator Spotlight
Toby123
Follow
Send a Message
Quizzes Created
-
Created Quiz Play Count
-
More By This Creator
Popular Quizzes Today
1
Find the US States - No Outlines Minefield
2
Countries of Asia Without Outlines Minefield
3
Pick 6: Fruits
4
The Countries of the World
5
Alphabetical 'K' Countries by Flag Minefield
6
Click the 1999 NBA Draft
7
Find the US States
8
Match the Book to the Film X
More Holiday Quizzes
Begins and Ends: Christmas Carols
Published
Trending Quizzes
Pick 6: Harry Potter
Pick 6: Mountains
Pick 6: NFL Teams
Pick 6: Movie Franchises
Pick 6: Golfers
Recently Updated
Women's Final Four Teams by Year
bhenderson79
Presidents Quartet II
eogle
Anything But Clue(do)
eogle
Anything But Oceanian Capitals
eogle
Anything But 7
eogle
Anything But Thing
eogle
Word Ladder: February 29
pecheneg
Song Title Questions
pecheneg
Women's NCAA Tournament #1 Seeds
pecheneg
Celebrity Mug Shots
pecheneg
Trending Topics
Anime
Crossword
NBA
Harry Potter
Disney
Kpop
Marvel
WWE
Song
Pokémon
NFL
The Office
Soccer
Puzzle
Country
Your Account Isn't Verified!
In order to create a playlist on Sporcle, you need to verify the email address you used during registration. Go to your
Sporcle Settings
to finish the process.
Report this User
Report this user for behavior that violates our
Community Guidelines
.
Details:
Send Report
Go to the Sporcle.com Mobile Site →
Comments